000 00787nam a22002177i 4500
999 _c23563
_d23563
003 AR-CdUCM
008 260331b20232023 pea|||| |||| 00| 0 spa d
020 _a978-612-4195-67-9
040 _aMUNICIPALIDAD PROVINCIAL DEL CUSCO
_cBIBLIOTECA MUNICIPAL DEL CUSCO
041 _hspa
082 _26° Edición
_aEP / 861.6 /
_bC78
100 _aCorcuera, Arturo
_94604
245 _aLa flauta kikirikí :
_bPoemas y fábulas para niños /
260 _aBreña-Lima Perú:
_bEl Nocedal S.A.C.
_c2023
300 _a68 páginas. :
_c24x17 cm.
505 _aDialogos entre un gallo joven y un gallo viejo -- Traspié de gato techero -- Historia del oso bueno
650 _aFabulas para niños
_952413
856 _awww.elnocedaltienda.com
942 _2ddc
_cLIBROS
945 _apbjr
_d31-03-2026